000 00522nam a22002170a 4500
001 PT34625
003 AR-LpoUNG
005 20210131230208.0
008 191001s2002||||ag |||||||||||||||||spa d
020 _a9872003416
_c$9.80
040 _aAR-LpoUNG
_bspa
_cAR-LpoUNG
_eaacr
041 _aspa
044 _aag
082 0 _aA863 893cri
100 1 _aRozenmacher, Lucas
245 1 0 _aCristales :
_bcuentos
250 _a1ra ed.
260 _aBuenos Aires :
_bAurelia Rivera,
_c2002.
905 _a34625
942 _cLIB
999 _c2035
_d2035